[Event "NOR-ch Class4"]
[Site "Lillehammer"]
[Date "2013.06.29"]
[Round "8"]
[White "Balas, Georg"]
[Black "Simenstad, Karl Edvin"]
[Result "0-1"]
[WhiteElo "1171"]
[BlackElo "1100"]
[PlyCount "62"]
[EventDate "2013.06.29"]
[EventType "swiss"]
[EventRounds "9"]
[EventCountry "NOR"]
[SourceTitle "EXT 2017"]
[Source "ChessBase"]
[SourceDate "2016.10.25"]
[SourceVersion "1"]
[SourceVersionDate "2016.10.25"]
[SourceQuality "1"]

1. d4 e6 2. c4 f5 3. Nc3 Nf6 4. Nf3 c6 5. Bg5 Be7 6. e3 d5 7. Qb3 0-0 8. Bxf6 Bxf6 9. Bd3 Qb6 10. 0-0 Qxb3 11. axb3 Nd7 12. Rfe1 Be7 13. Re2 Nf6 14. Ne5 Bd7 15. h3 Be8 16. Rc2 Bh5 17. cxd5 Nxd5 18. Nxd5 exd5 19. Nd7 Rf7 20. Nc5 Bxc5 21. Rxc5 f4 22. exf4 Rxf4 23. Rd1 Bxd1 24. g3 Rxd4 25. Bf5 Rb4 26. Rc1 Bxb3 27. g4 d4 28. Re1 g6 29. Bd7 Kf8 30. g5 Rd8 31. Bg4 d3 0-1